01054cam a2200337 i 4500001000700000003000900007005001700016007000700033008003400040015000600074017000900080020001500089035000600104040002500110080000600135082002800141100003100169245011300200250000600313260003200319300002500351490002400376500004800400500007600448521003100524534004100555650003200596650003100628700003000659700002700689000659DO-SdBNP20240403130647.0000659161108b1995 sp a || 00| 0 spa d a  a b  a8420447706 a  aBPMSUbspacBPMSUe  a  4a833.91b H332b 19952221 aHärtling, Peter, d1933-10aBen quiere a Anna /cPeter Härtling ; traducción Víctor Canicio ; ilustraciones de Sophies Brandes.h  a  aMadrid :bAlfaguara,c1995. a97 p. :bil. ;c22 m0 aAlfaguara infantil  aPara niños a partir de los 10 años.  aIncluye datos biográficos del autor en la solapa de la contracubierta aA partir de los 10 años. pTítulo original :tBen liebt Anna  4aCuentos infantiles alemanes 4aAmor vCuentos infantiles.1 aCanicio, Víctor, etr. 1 aBrandes, Sophie, eil.